Introduction to operation research / (Record no. 39606)

MARC details
000 -LEADER
fixed length control field 00683nam a22001937a 4500
005 - DATE AND TIME OF LATEST TRANSACTION
control field 20100806103732.0
010 ## - LCCN (DPL NO)
LC control number ENG-98489
020 ## - INTERNATIONAL STANDARD BOOK NUMBER
International Standard Book Number 9789350011539
Terms of availability 135.00
035 ## - SYSTEM CONTROL NUMBER
System control number EN-82022
037 ## - SOURCE OF ACQUISITION
Source of stock number/acquisition DBAD/PUB
082 ## - DEWEY DECIMAL CLASSIFICATION NUMBER
Classification number 001.424
100 ## - MAIN ENTRY--PERSONAL NAME
Personal name Venugopal, K.
245 ## - TITLE STATEMENT
Title Introduction to operation research /
Statement of responsibility, etc by K. Venugopal
260 ## - PUBLICATION, DISTRIBUTION, ETC. (IMPRINT)
Place of publication, distribution, etc Perambalur
Name of publisher, distributor, etc Mercury Printers and Publishsers
Date of publication, distribution, etc 2009
270 ## - ADDRESS
City Perambalur
Postal code 621212
300 ## - PHYSICAL DESCRIPTION
Extent 152p.
Dimensions 20cm (pbk)
942 ## - ADDED ENTRY ELEMENTS (KOHA)
Source of classification or shelving scheme Dewey Decimal Classification
Item type English Books
Classification part 001.424
Call number suffix VEN
Holdings
Withdrawn status Lost status Not for loan Collection code Home library Current library Date acquired Source of acquisition Cost, normal purchase price Full call number Barcode Copy number Cost, replacement price Koha item type
    Not For Loan Non-fiction D.B.Act.Division D.B.Act.Division 06/08/2010 DABD/PUB 135.00 001.421 VEN EN-82022 1 135.00 English Books

© Delhi Public Library
Hit Counter
free hit counter